MARC

LEADER 00000nam0a2200000 4500
001 163601
005 20231031160853.0
020 |a RU  |b 92-11043 
035 |a (RuTPU)RU\TPU\book\177499 
090 |a 163601 
100 |a 20090819d1991 m y0rusy5003 ca 
101 0 |a rus 
102 |a RU 
105 |a a j 000zy 
200 1 |a Сборник заданий для самостоятельной работы по инженерной графике  |e учебное пособие для вузов  |f И. Н. Петров, Т. А. Унсович, А. В. Савицкая  |g Свердловский инженерно-педагогический институт (СИПИ) 
210 |a Свердловск  |c СИПИ  |d 1991 
215 |a 120 с.  |c ил.  |d 26 см 
610 1 |a инженерная графика 
610 1 |a разрезы 
610 1 |a сечения 
610 1 |a аксонометрия 
610 1 |a детали 
610 1 |a эскизы 
610 1 |a резьбовые соединения 
610 1 |a сборочные чертежи 
610 1 |a схемы 
610 1 |a деталирование 
610 1 |a задания 
610 1 |a учебные пособия 
675 |a 76:621(07)  |v 3 
700 1 |a Петров  |b И. Н.  |g Игорь Николаевич  |4 070 
701 1 |a Унсович  |b Т. А.  |g Татьяна Александровна 
701 1 |a Савицкая  |b А. В.  |g Александра Васильевна 
712 0 2 |a Свердловский инженерно-педагогический институт (СИПИ)  |c (1979-1993)  |2 stltpush  |3 (RuTPU)RU\TPU\col\13438 
801 0 |a RU  |b RuMRKP  |c 19950417  |g psbo 
801 1 |a RU  |b 63413507  |c 20090819 
801 2 |a RU  |b 63413507  |c 20100219  |g RCR 
942 |c BK